00846nam a2200253 i 4500001000300000100002900003245007100032260003200103300002800135504001400163650004900177650005000226655003000276020001500306040000800321041000800329080002500337920001800362942000700380008004100387999001700428856009800445952004900543bg1 aPAŃKOWSKA, Małgorzata10aZarządzanie zasobami informatycznymi /cMałgorzata Pańkowska. aWarszawa :b"Difin",c2001. a280 s. :bil. ;c23 cm. aBibliogr. 9aInformacja dla zarządzaniaxkomputeryzacja 9aSystemy informatycznexstosowaniexgospodarka aPodręczniki akademickie a837251206X cBPK0 apol a65.012.4:004](075.8) a83-7251-206-X cKS s pl f |000 0 pol  c42520d42520 uhttp://koha.tu.koszalin.pl/cgi-bin/koha/opac-detail.pl?biblionumber=42520yKatalog online BPK 00104070aBPKbBPKcwo66819p01981452yKS